[Event "Titled Tuesday intern op 25th Apr Late"]
[Site "Chess.com INT"]
[Date "2023.04.25"]
[Round "3"]
[White "Djokic, Mihailo"]
[Black "Skibbe, Willi"]
[Result "1-0"]
[WhiteElo "2192"]
[BlackElo "2176"]
[PlyCount "39"]
[EventDate "2023.04.25"]
[EventType "swiss (blitz)"]
[EventRounds "11"]
[EventCountry "USA"]
[SourceTitle "EXT 2024"]
[Source "ChessBase"]
[SourceDate "2023.10.10"]
[SourceVersion "1"]
[SourceVersionDate "2023.10.10"]
[SourceQuality "1"]

1. e4 e6 2. d4 d5 3. Nc3 Nf6 4. Bg5 dxe4 5. Nxe4 Nbd7 6. Nxf6+ Nxf6 7. Nf3 h6 8. Bh4 c5 9. dxc5 Qxd1+ 10. Rxd1 Bxc5 11. Bb5+ Bd7 12. Rxd7 Nxd7 13. Ne5 f6 14. Nxd7 0-0-0 15. Nxc5 Rd5 16. b4 a6 17. Bc4 Rd4 18. Bxe6+ Kc7 19. Bg3+ Kb6 20. c3 1-0

[Event "Titled Tuesday intern op 28th Mar Late"]
[Site "Chess.com INT"]
[Date "2023.03.28"]
[Round "2"]
[White "Skibbe, Willi"]
[Black "Lewtak, Damian"]
[Result "0-1"]
[WhiteElo "2169"]
[BlackElo "2385"]
[PlyCount "62"]
[EventDate "2023.03.28"]
[EventType "swiss (blitz)"]
[EventRounds "11"]
[EventCountry "USA"]
[SourceTitle "EXT 2024"]
[Source "ChessBase"]
[SourceDate "2023.10.10"]
[SourceVersion "1"]
[SourceVersionDate "2023.10.10"]
[SourceQuality "1"]

1. d4 g6 2. c4 Bg7 3. e4 d6 4. Nc3 e5 5. dxe5 dxe5 6. Qxd8+ Kxd8 7. f4 Nc6 8. Be3 exf4 9. Bxf4 Bh6 10. 0-0-0+ Bd7 11. g3 Kc8 12. Bh3 Bxf4+ 13. gxf4 Nf6 14. e5 Bxh3 15. Nxh3 Ng4 16. Ne4 h6 17. b3 a5 18. Rd3 a4 19. Kb2 axb3 20. axb3 Nb4 21. Rg3 h5 22. Nhg5 b6 23. h3 Ra2+ 24. Kb1 Nh6 25. Rd1 Kb7 26. Rd7 Rha8 27. Nxf7 Nxf7 28. Rxf7 Rh2 29. e6 Raa2 30. e7 Rab2+ 31. Kc1 Na2+ 0-1

[Event "Titled Tuesday intern op 28th Mar Late"]
[Site "Chess.com INT"]
[Date "2023.03.28"]
[Round "5"]
[White "Skibbe, Willi"]
[Black "Sanchez Alvares, Kelvin Antonio"]
[Result "0-1"]
[WhiteElo "2169"]
[BlackElo "2250"]
[PlyCount "126"]
[EventDate "2023.03.28"]
[EventType "swiss (blitz)"]
[EventRounds "11"]
[EventCountry "USA"]
[SourceTitle "EXT 2024"]
[Source "ChessBase"]
[SourceDate "2023.10.10"]
[SourceVersion "1"]
[SourceVersionDate "2023.10.10"]
[SourceQuality "1"]

1. d4 d5 2. Nf3 Nf6 3. e3 c5 4. dxc5 e6 5. a3 Bxc5 6. b4 Be7 7. Bb2 0-0 8. c4 dxc4 9. Qxd8 Rxd8 10. Bxc4 Nbd7 11. 0-0 b6 12. Nc3 Bb7 13. Rac1 a5 14. bxa5 Rxa5 15. Nb5 Ba6 16. Nfd4 Rc8 17. Be2 Nc5 18. Bc3 Bxb5 19. Nxb5 Raa8 20. Bb4 Nd5 21. Bf3 Rd8 22. Bxd5 exd5 23. Rfd1 Rac8 24. Kf1 Bf8 25. Nc3 Nb3 26. Rb1 Bxb4 27. Nxd5 Nd2+ 28. Rxd2 Bxd2 29. Ne7+ Kf8 30. Nxc8 Rxc8 31. Rxb6 Ra8 32. Ke2 Ba5 33. Rb3 Bd8 34. Kd3 Be7 35. Ke4 g6 36. a4 Rxa4+ 37. Kf3 Ra5 38. g4 h6 39. h3 h5 40. Rb2 hxg4+ 41. hxg4 Kg7 42. Kg3 Bf6 43. Rc2 Ra3 44. Re2 g5 45. f3 Be5+ 46. Kf2 Rb3 47. Rc2 Rb2 48. Rxb2 Bxb2 49. f4 Kf6 50. Kf3 Bc1 51. Ke4 Kg6 52. Kf3 f6 53. Ke4 Kf7 54. Kd4 gxf4 55. exf4 Bxf4 56. Ke4 Bg5 57. Kf5 Kg7 58. Ke4 Kf8 59. Kf3 Ke7 60. Ke4 Ke6 61. Kf3 Ke5 62. Kg3 Ke4 63. Kh3 Kf3 0-1

[Event "Hamburg HSK Christmas op"]
[Site "Hamburg"]
[Date "2022.12.30"]
[Round "7"]
[White "Brinkmann, Fabian"]
[Black "Skibbe, Willi"]
[Result "1-0"]
[WhiteElo "2147"]
[BlackElo "2189"]
[PlyCount "59"]
[EventDate "2022.12.27"]
[EventType "swiss"]
[EventRounds "7"]
[EventCountry "GER"]
[SourceTitle "EXT 2024"]
[Source "ChessBase"]
[SourceDate "2023.10.10"]
[SourceVersion "1"]
[SourceVersionDate "2023.10.10"]
[SourceQuality "1"]

1. d4 d5 2. c4 e6 3. Nf3 Nf6 4. g3 dxc4 5. Qa4+ Nbd7 6. Bg2 a6 7. Qxc4 b5 8. Qc2 Bb7 9. 0-0 c5 10. a4 Rc8 11. axb5 axb5 12. Qb3 b4 13. Bg5 c4 14. Qc2 Qb6 15. Rc1 Be4 16. Qa4 h6 17. Bxf6 gxf6 18. Nbd2 Bd5 19. e4 Bc6 20. Qa5 Bb5 21. Qxb6 Nxb6 22. Ra5 Bd7 23. Ra6 Na4 24. Rxc4 Nxb2 25. Rxc8+ Bxc8 26. Ra8 Kd7 27. Ra7+ Ke8 28. Bf1 Bd7 29. Ra8+ Ke7 30. Rb8 1-0

[Event "Hamburg HSK Christmas op"]
[Site "Hamburg"]
[Date "2022.12.29"]
[Round "6"]
[White "Skibbe, Willi"]
[Black "Mandelkow, Elias"]
[Result "1-0"]
[WhiteElo "2189"]
[BlackElo "1891"]
[PlyCount "101"]
[EventDate "2022.12.27"]
[EventType "swiss"]
[EventRounds "7"]
[EventCountry "GER"]
[SourceTitle "EXT 2024"]
[Source "ChessBase"]
[SourceDate "2023.10.10"]
[SourceVersion "1"]
[SourceVersionDate "2023.10.10"]
[SourceQuality "1"]

1. c4 e5 2. Nc3 Nf6 3. Nf3 Nc6 4. e3 d5 5. cxd5 Nxd5 6. Bb5 Nxc3 7. bxc3 Bd7 8. e4 Bd6 9. 0-0 0-0 10. d4 Nxd4 11. Nxd4 exd4 12. Bxd7 Qxd7 13. cxd4 c6 14. Qc2 Bc7 15. Rd1 Rfe8 16. Be3 Qd6 17. g3 Qg6 18. f3 h5 19. Qf2 a6 20. Rab1 Re7 21. d5 cxd5 22. Rxd5 Rd8 23. Rg5 Qh7 24. Bd4 Qh6 25. f4 f6 26. Rc5 Bd6 27. Rd5 Qg6 28. Bb6 Qxe4 29. Rbd1 Rdd7 30. Rxd6 Rxd6 31. Rxd6 Qe1+ 32. Qxe1 Rxe1+ 33. Kf2 Rb1 34. Be3 Rh1 35. Kg2 Re1 36. Kf3 Rb1 37. Rb6 Rh1 38. h4 Ra1 39. Rb2 b5 40. Ke4 Kf7 41. f5 g6 42. fxg6+ Kxg6 43. Kd5 Kf5 44. Kc5 Re1 45. Bf4 Re6 46. Rd2 Re4 47. Rd5+ Kg4 48. Rd4 Re2 49. a3 Kf3 50. Rd6 f5 51. Rxa6 1-0

[Event "Hamburg HSK Christmas op"]
[Site "Hamburg"]
[Date "2022.12.28"]
[Round "4"]
[White "Porth, Hartmut"]
[Black "Skibbe, Willi"]
[Result "0-1"]
[WhiteElo "2006"]
[BlackElo "2189"]
[PlyCount "86"]
[EventDate "2022.12.27"]
[EventType "swiss"]
[EventRounds "7"]
[EventCountry "GER"]
[SourceTitle "EXT 2024"]
[Source "ChessBase"]
[SourceDate "2023.10.10"]
[SourceVersion "1"]
[SourceVersionDate "2023.10.10"]
[SourceQuality "1"]

1. e4 e5 2. Nf3 Nc6 3. Bb5 a6 4. Bxc6 dxc6 5. 0-0 Bg4 6. d3 Qf6 7. Be3 Bd6 8. Nbd2 Ne7 9. Qb1 c5 10. Bg5 Qg6 11. Bxe7 Kxe7 12. Kh1 Qh5 13. Ng1 Be6 14. Qd1 Qxd1 15. Rfxd1 c6 16. Nc4 Bc7 17. Nf3 f6 18. Ne3 g6 19. a4 b5 20. axb5 axb5 21. Kg1 Ba5 22. h3 Ra7 23. b4 cxb4 24. d4 exd4 25. Nxd4 Bd7 26. e5 fxe5 27. Nf3 Bb6 28. Rxa7 Bxa7 29. Nxe5 Rd8 30. N3g4 Be8 31. Re1 Kf8 32. Nf6 Kg7 33. Neg4 Bf7 34. Re7 Bc5 35. Rb7 h5 36. Ne4 hxg4 37. Nxc5 Rd5 38. Ne6+ Kf6 39. Nf4 Rd4 40. Ne2 Rd1+ 41. Kh2 Rd2 42. Ng3 Bd5 43. c4 bxc3 0-1